Statistics for Countries with the Highest Cost of Living

Click here to take the quiz!

General Stats

  • This quiz has been taken 66 times
  • The average score is 11 of 15

Answer Stats

CoL IndexCountry% Correct
173United States
97%
183United Kingdom
94%
222Switzerland
92%
181Japan
92%
213Norway
90%
174Australia
87%
230Iceland
84%
189Denmark
83%
193Singapore
79%
183United Arab Emirates
78%
198Ireland
73%
204Qatar
71%
175Israel
54%
219Bahamas
37%
174Zimbabwe
3%

Score Distribution

Percentile by Number Answered

Percent of People with Each Score

Your Score History

You have not taken this quiz